Fr. Conceicao Rodrigues College of Engineering

How to be a better Teambuilder (Record no. 19113)

MARC details
000 -LEADER
fixed length control field 00368nam a2200169Ia 4500
082 ## - DEWEY DECIMAL CLASSIFICATION NUMBER
Classification number 658.3128/WHI
Item number WHI
100 ## - MAIN ENTRY--PERSONAL NAME
Personal name Whitehead/Geoffrey
245 ## - TITLE STATEMENT
Title How to be a better Teambuilder
260 ## - PUBLICATION, DISTRIBUTION, ETC.
Name of publisher, distributor, etc. Kogan Page
Place of publication, distribution, etc. New Delhi
Date of publication, distribution, etc. 2005
366 ## - TRADE AVAILABILITY INFORMATION
Publishers's discount category 20
300 ## - PHYSICAL DESCRIPTION
Extent 156
546 ## - LANGUAGE NOTE
Language note ENGLISH
650 ## - SUBJECT ADDED ENTRY--TOPICAL TERM
Topical term or geographic name entry element General
654 ## - SUBJECT ADDED ENTRY--FACETED TOPICAL TERMS
Focus term teambuilder
942 ## - ADDED ENTRY ELEMENTS (KOHA)
Koha item type BOOK
Holdings
Withdrawn status Lost status Damaged status Not for loan Collection Home library Current library Date acquired Source of acquisition Cost, normal purchase price Inventory number Total Checkouts Full call number Barcode Date last seen Cost, replacement price Price effective from Koha item type
        CRC Fr. Agnel's C.Rodrigues College of Engineering Fr. Agnel's C.Rodrigues College of Engineering 17/03/2023 United Book Distributors 108.00 6282 dt 26/03/2008   658.3128/WHI WHI 18641 17/03/2023 135.00   BOOK